书目信息 |
| 题名: |
文选导读
|
|
| 作者: | 屈守元 著 | |
| 分册: | ||
| 出版信息: | 北京 中国国际广播出版社 2008 |
|
| 页数: | 377页 | |
| 开本: | 23cm | |
| 丛书名: | ||
| 单 册: | ||
| 中图分类: | I206.2 , I212.01 | |
| 科图分类: | ||
| 主题词: | 古典文学--中国--选集 , 文学评论 , 古典文学 | |
| 电子资源: | ||
| ISBN: | 978-7-5078-2868-9 | |
| 000 | 00940nam0 2200301 45 | |
| 001 | 1050742828 | |
| 005 | 20100420105123.24 | |
| 010 | @a978-7-5078-2868-9@dCNY36.00 | |
| 100 | @a20100408d2008 em y0chiy0120 ea | |
| 101 | 0 | @achi |
| 102 | @aCN@b110000 | |
| 105 | @ay z 000yy | |
| 106 | @ar | |
| 200 | 1 | @a文选导读@AWen Xuan Dao Du@f屈守元著@FQu Shou Yuan Zhu |
| 210 | @a北京@c中国国际广播出版社@d2008 | |
| 215 | @a377页@d23cm | |
| 300 | @a国学大讲堂·元典导读(第一辑) | |
| 330 | @a本书分作《导言》和《选读》两部分,内容有:关于《文选》产生时代的文化氛围、《文选》的编辑、《文选》学史略述、清儒《文选》学著述举要、《文选》选读等。 | |
| 605 | @a文选@x文学评论 | |
| 605 | @a文选 | |
| 606 | 0 | @a古典文学@y中国@j选集 |
| 606 | 0 | @a文学评论 |
| 606 | 0 | @a古典文学 |
| 690 | @aI206.2@v4 | |
| 690 | @aI212.01@v4 | |
| 701 | 0 | @a屈守元@AQu Shou Yuan@4著 |
| 801 | 0 | @aCN@bTANGWEI@c20100420 |
| 905 | @b0590124-27@dI206.2@e284@f4 | |
| 文选导读/屈守元著.-北京:中国国际广播出版社,2008 |
| 377页;23cm |
| 国学大讲堂·元典导读(第一辑) |
| ISBN 978-7-5078-2868-9:CNY36.00 |
| 本书分作《导言》和《选读》两部分,内容有:关于《文选》产生时代的文化氛围、《文选》的编辑、《文选》学史略述、清儒《文选》学著述举要、《文选》选读等。 |
| ● |
| 相关链接 |
|
|
|
|
正题名:文选导读
索取号:I206.2/284
 
预约/预借
| 序号 | 登录号 | 条形码 | 馆藏地/架位号 | 状态 | 备注 |
| 1 | 0590124 | 205901247 | 第一样本阅览室/ [索取号:I206.2/284] | 在馆 | |
| 2 | 0590125 | 205901256 | 第二借阅区/ [索取号:I206.2/284] | 在馆 | |
| 3 | 0590126 | 205901265 | 第二借阅区/ [索取号:I206.2/284] | 在馆 | |
| 4 | 0590127 | 205901274 | 第二借阅区/ [索取号:I206.2/284] | 在馆 |